Équipe de France de Football - Tous les joueurs (1990-2000) - Statistiques

Statistiques générales
  • Ce quiz a été pris 582 fois
  • Le résultat moyen est 41 sur 91
Statistiques - réponses
Première sélection Dernière sélection Joueur Nb de sélections % Correct
1994 2006 Zinedine Zidane 108
97%
1997 1998 Ibrahim Ba 8
96%
1997 2010 Thierry Henry 123
96%
1994 2008 Lilian Thuram 142
95%
1989 2000 Didier Deschamps 103
93%
1989 2000 Laurent Blanc 97
93%
1994 2006 Fabien Barthez 87
92%
1992 2004 Bixente Lizarazu 97
91%
1993 2004 Marcel Desailly 116
91%
1990 2003 Emmanuel Petit 63
89%
1998 2008 David Trézéguet 71
88%
1997 2009 Patrick Vieira 107
87%
1993 2002 Youri Djorkaeff 82
86%
1993 2000 Bernard Lama 44
82%
1987 1995 Eric Cantona 45
81%
1995 2002 Frank Leboeuf 50
80%
1996 2004 Robert Pirès 79
80%
1997 1999 Stéphane Guivarc'h 14
79%
1994 2002 Christophe Dugarry 55
78%
1986 1995 Jean-Pierre Papin 54
77%
1992 2002 Christian Karembeu 53
75%
1995 2008 Claude Makélélé 71
72%
1998 2010 Nicolas Anelka 69
70%
1990 1995 David Ginola 17
69%
1999 2006 Sylvain Wiltord 92
68%
1996 2002 Vincent Candela 40
68%
1997 1997 Lionel Charbonnier 1
66%
1997 2002 Alain Boghossian 26
60%
2000 2008 Willy Sagnol 58
60%
1986 1993 Basile Boli 45
58%
1998 1998 Bernard Diomède 8
57%
1982 1992 Manuel Amoros 82
55%
1989 1996 Eric Di Meco 23
52%
1999 2004 Johan Micoud 17
51%
1982 1992 Luis Fernandez 60
49%
1993 1997 Patrice Loko 26
48%
1993 1996 Vincent Guérin 19
46%
1988 1993 Franck Sauzée 39
45%
1993 1996 Reynald Pedros 25
44%
1988 1996 Alain Roche 25
43%
1996 2001 Sabri Lamouchi 12
43%
1999 2003 Ulrich Ramé 12
43%
1993 1995 Paul Le Guen 17
42%
1990 1996 Jocelyn Angloma 37
41%
1994 1997 Nicolas Ouédec 7
39%
1987 1996 Bruno Martini 31
38%
1997 2001 Lionel Letizi 4
38%
2000 2005 Ludovic Giuly 17
38%
1998 2000 Tony Vairelles 8
38%
1997 1999 Lilian Laslandes 7
34%
1993 1997 Corentin Martins 14
31%
1996 2000 Martin Djetou 6
31%
1996 1997 Pierre Laigle 8
31%
1999 2006 Vikash Dhorasoo 18
30%
1996 1999 Florian Maurice 6
29%
2000 2002 Philippe Christanval 6
29%
1989 1992 Franck Silvestre 11
28%
1989 1995 Christophe Cocard 9
27%
1998 2000 Frédéric Déhu 5
27%
1988 1992 Bernard Casoni 30
26%
1982 1990 Jean-Marc Ferreri 37
24%
1988 1992 Jean-Philippe Durand 26
23%
1992 1992 Laurent Fournier 3
23%
1999 2001 Laurent Robert 9
23%
1990 1994 Pascal Vahirua 22
23%
2000 2000 Richard Dutruel 1
23%
1994 1997 Bruno N'Gotty 6
22%
1995 1996 Mickaël Madar 3
22%
2000 2004 Steve Marlet 23
22%
1988 1992 Christian Perez 22
21%
1995 1998 Marc Keller 7
20%
1992 1993 Xavier Gravelaine 4
20%
1991 1992 Amara Simba 3
19%
1996 1996 Cyrille Pouget 3
19%
1999 1999 Stéphane Porato 1
19%
1996 1997 Franck Gava 3
17%
1992 1992 Jean-Luc Sassus 1
17%
1990 1992 Rémi Garde 6
17%
1988 1991 Bernard Pardo 13
16%
1994 1995 Jean-Michel Ferri 5
16%
1988 1990 Marcel Dib 6
15%
1992 1992 William Prunier 1
15%
1996 1998 Alain Goma 2
13%
1990 1992 Gilles Rousset 2
13%
1997 1997 Patrick Blondeau 2
11%
1990 1992 Fabrice Divert 3
10%
1992 1994 Jérôme Gnako 2
10%
1993 1993 Jean-Luc Dogon 1
9%
1994 1994 Jean-Pierre Cyprien 1
9%
1991 1991 Pascal Baills 1
8%
1990 1990 Philippe Tibeuf 2
6%
Aucun quiz correspondant
Distribution des résultats
% des personnes avec chaque résultat
Percentile par nombre de réponses
Votre historique - résultats
Vous n’avez pas pris ce quiz